000 00696nam a2200241Ia 4500
005 20260430150201.0
008 008 250103s9999 xx 000 0 eng d
037 _aTheses
040 _aCRL
040 _beng
040 _ceng
041 _2eng
041 _aeng
084 _qCRL
100 _aVerma Vibha Au.; Aggarwal Anu Gupta Gu.
_91236723
245 0 _aSome contributions to quantitative assessment of software reliability and related optimization problems
260 _c2022
300 _a247p.
650 _aMathematics
700 _aUniversity of Delhi. Faculty of Mathematical Sciences. Department of Operational Research
942 _cTH
999 _c1849159
_d1849159